=LDR 00000nam 2200000 4500 =001 INLIS000000000007808 =005 20130612095740 =008 ***********************************ind** =035 ##$$0010-061300000007808 =041 ##$$a ind =082 ##$$a 363.2 =090 ##$$a 363.2, Man m =245 ##$$a Mematuhi dan menegakkan hukum =260 ##$$a [s.a] $b [s.l] =300 ##$$a 33 hlm, ilus, 21 cm =650 ##$$a Penegak hukum =850 ##$$a NBPNMAT